000 04855nam a2201813 4500
003 PE-LiUPU
005 20250813165550.0
008 210922n 000 0 eng u
020 _a9806810015
035 _a(Sirsi) a252898
082 0 4 _a658.5158
_bC1
245 0 0 _aCamino a la transformación productiva en América Latina /
_c[Oficina de Políticas Públicas y Competividad de la Corporación Andina de Fomento ; dirección general, Luis Miguel Castilla ; coordinación, Osmel Manzano y José Pineda].
300 _a310 páginas:
_bilustrado;
_c27 centímetros.
440 _aReporte de economía y desarrollo ; 2006.
500 _aIncluye estadísticas.
500 _aIncluye referencias bibliográficas (p. 285-310).
505 0 _aDesafíos para el desarrollo productivo en América Latina. -Ruta para la transformación: diversificación con productividad. -Cooperación y coordinación: factores clave para el desarrollo de clusters. -El descubrimiento de nuevas actividades en América Latina. -Inversión extranjera directa de calidad: desfío para América Latina. -Instituciones y regulación en América Latina: retos y prioridades. -La innovación y la transformación productiva. -Educación: formando el capital humano del sector productivo.
526 _aP203
526 _aP200
526 _aSEG65
526 _aSEG64
526 _aSEG63
526 _aSEG62
526 _aSEG61
526 _aSEG60
526 _aSEG59
526 _aSEG58
526 _aSEG57
526 _aSEG56
526 _aSEG55
526 _aSEG54
526 _aSEG53
526 _aSEG52
526 _aSEG51
526 _aSEG50
526 _aSEG49
526 _aSEG48
526 _aSEG47
526 _aSEG46
526 _aSEG24
526 _aSEG23
526 _aSEG22
526 _aSEG21
526 _aSEG20
526 _aSEG19
526 _aSEG18
526 _aSEG17
526 _aSEG16
526 _aSEG14
526 _aSEG13
526 _aSEG12
526 _aSEG11
526 _aSEG10
526 _aSEG09
526 _aSEG06
526 _aSEG05
526 _aSEG04
526 _aSEG03
526 _aSEG02
526 _aSEG68
526 _aSEG66
526 _aSEG45
526 _aSEG25
526 _aSEG01
526 _aP163
526 _aP162
526 _aP161
526 _aP160
526 _aP159
526 _aP158
526 _aP157
526 _aP156
526 _aP155
526 _aP154
526 _aP153
526 _aP152
526 _aP151
526 _aP150
526 _aP149
526 _aP142
526 _aP141
526 _aP140
526 _aP139
526 _aP138
526 _aP137
526 _aP132
526 _aP131
526 _aP130
526 _aP126
526 _aP125
526 _aP124
526 _aP123
526 _aP115
526 _aP122
526 _aP121
526 _aP116
526 _a P114
526 _aP112
526 _aP111
526 _aP104
526 _aP103
526 _aP102
526 _aP101
526 _aP100
526 _aP96
526 _aP95
526 _aP93
526 _aP92
526 _aP91
526 _aP88
526 _aP83
526 _aP82
526 _aP79
526 _aP78
526 _aP75
526 _aP74
526 _aP71
526 _aP69
526 _a P51
526 _aP49
526 _aP48
526 _aP47
526 _aP33
526 _aP31
526 _a P30
526 _aP29
526 _aP27
526 _aP26
526 _aP25
526 _aP24
526 _a P22
526 _aP10
526 _aP09
526 _a P08
526 _aP06
526 _aP05
526 _aP04
526 _aP01
650 1 4 _aProductividad industrial
_zAmérica Latina.
650 2 4 _aAmérica Latina
_xCondiciones económicas
_ySiglo XX.
650 2 4 _aAmérica Latina
_xCondiciones económicas
_ySiglo XXI.
650 2 4 _aAmérica Latina
_xPolítica económica
_ySiglo XXI.
598 _aCATALOGING
700 1 _aCastilla, Miguel.
700 1 _aManzano, Osmel, 1971-
700 1 _aPineda, José Gregorio.
710 2 _aCorporación Andina de Fomento. Oficina de Políticas Públicas y Competividad.
596 _a1
856 4 _u https://scioteca.caf.com/bitstream/handle/123456789/174/127.pdf?sequence=1
942 _2ddc
_cBOOK
949 _a658.5158 C1
_wDEWEY
_c1
_i70911
_mBC
_p15.00
_r0
_sY
_tLIBRO
_u2021-04-20
_xFCE
_zAdministración con mención en Gestión empresarial
_oSTAFF. Colección General
999 _a658.5158 C1
_wDEWEY
_c32097
_i70911
_f2022-6-10
_g1
_lCCODEBUL1
_mBUL
_p15.00
_r0
_sY
_tBOOK
_u2021-9-22
_xFCE
_PP01
_0UNKNOWN
_d32097
264 _aCaracas :
_bCorporación Andino de Fomento,
_c2006.
980 _81
_gALBERTO SANCHEZ Responsable de Automatización